000
00252nam a2200097Ia 4500
001
977322
005
20250826220724.0
008
250824s9999 xx 000 0 und d
245
0
_a
ŞARKIN KANDİLİ
_c
Yazar Adı Belirtilmemiş
260
_b
KETEBE YAYINLARI
999
_c
977322
_d
977322